01546nam a2200421 i 4500001000700000003000800007005001700015006001900032007001500051008004100066020002800107020002700135035002200162040003100184050002200215080001900237082001600256245005800272250002300330264006000353300005800413336003100471337003300502338004300535490002700578500002200605500002200627588008300649590016200732650001700894650001900911655002700930700003900957797001800996830002801014856006301042999001901105147929FINmELB20241217182258.0m o u cr cn|||||||||210921s2011 sp a o 001 0 spa d a9788434242050q(e-book) z9788434234819q(print) a(OCoLC)1280140521 aFINmELBbspaerdacFINmELB 4aND1492bS446 2011 a75+159.937.51204a751.42222303aEl secreto de los colores /c[autor no identificado]. asegunda edición. 1a[Barcelona, España?] :bParramón Paidotribo,c2011. a1 recurso en línea (159 páginas) :bilustraciones atextobtxt2rdacontent/spa acomputadorabc2rdamedia/spa arecurso en líneabcr2rdacarrier/spa1 aMiniguías Parramón aIncluye glosario. aIncluye índice. aDescripción basada en metadatos suministrados por el editor y otras fuentes. aRecurso electrónico. Santa Fe, Arg.: elibro, 2021. Disponible vía World Wide Web. El acceso puede estar limitado para las bibliotecas afiliadas a elibro. 0aColors (Art) 4aColores (Arte) 4aLibros electrónicos.1 aCanal, María Fernanda,eeditora.2 aelibro, Corp. 0aMiniguías Parramón.40uhttps://elibro.net/ereader/politecnicointernacional/119249 c147929d147929